000 00539nam a22001817a 4500
999 _c62200
_d62200
005 20240731170358.0
008 240731s2022 fr ||||| |||| 00| 0 fra d
020 _a9782832111420 X
041 _afra
080 _a821.133.32 E-90
100 _aEugène
_d(Author)
_923037
245 _a Lettre à mon dictateur /
_cEugène
264 _aGenève:
_b Slatkine,
_c 2022.
300 _a 120 pages ;
_b20 cm.
653 _aLettre à mon dictateur
653 _aწერილი ჩემს დიქტატორს
942 _2udc
_cBK